000 02141nam a2200253 4500
003 vecauma
005 20260421125606.0
007 ta
008 260421b ve ||||| |||| 00| 0 spa d
020 _a9706610677
040 _avecauma
_bspa
_cvecauma
_dvecauma
_erda
041 _aspa
100 1 _eautor
245 1 _aEl poder de la imagen pública
_bPlan maestro para inspirar confianza y ganar credibilidad
_c/ Víctor Gordoa
264 _aMéxico:
_bEdamex, S.A de C.V.;
_c1999.
300 _a265 páginas.
336 _atexto
_btxt
_2rdacontenido
337 _ano mediado
_bn
_2rdamedio
338 _avolumen
_bnc
_2rdasoporte
505 0 _aLa importancia de la imagen pública / La ingeniería en imagen pública / La imagen física / La imagen profesional / La imagen verbal / La imagen audiovisual / La imagen ambiental /
520 3 _aLa clave para ganar está en lograr la armonía entre el fondo y la forma. Lograr la preferencia de los clientes, los inversionistas, los jefes, los colaboradores, los votantes o los fans, requiere de un PLAN MAESTRO DE IMAGEN PÚBLICA que asegure que usted será identificado como el mejor en su campo, ya sea como persona o como institución. Este es un libro para el empresario que desea crecer, el político que busca gobernar, el ejecutivo que quiere ascender, el artista que anhela triunfar y todo aquél que necesite aprender la ciencia de la comunicación del nuevo milenio. Este libro le revela: Cómo transmitir mensajes positivos sin palabras. Cómo integrar todos los "pequeños grandes detalles" que impactarán sinceramente a los demás. Cómo lograr las diferentes imágenes que lo convertirán en un triunfador. Cómo generar las estrategias para lograr una buena imagen pública. Víctor Gordoa, consultor en imagen pública de personajes y grandes empresas, comparte con usted los secretos que cambiarán para siempre su forma de comunicarse, llevándolo de la mano por el nuevo mundo de la INGENIERÍA EN IMAGEN PÚBLICA de manera profunda, amena y fácil de entender.
942 1 _2lcc
_n0
_cBK
999 _c13406
_d13406